000 01071nas a2200349 4500
001 BR0501656
003 BR-BrBNA
005 20231205105223.0
007 ta
008 230509b bl.|||p| |||| 00| 00por d
040 _aBR-BrBNA
_bpor
_cBiblioteca Nacional de Agricultura
041 _a(Pt)
072 _aK10; N20; E16
100 1 _aMoreira, F.M.T.
100 1 _aSouza, A.P. de
100 1 _aMachado, C.C.
100 1 _aMinetti, L.J.
100 1 _aSilva, K.R.
245 1 _aAvaliação operacional e econômica do "Feller-Buncher" em dois subsistemas de colheita de florestas de eucalipto
650 _aEUCALIPTO
650 _aEUCALYPTUS GRANDIS
650 _aEQUIPAMENTO FLORESTAL
650 _aCUSTO DE PRODUÇÃO
650 _aANÁLISE ECONÔMICA
650 _aCUSTO OPERACIONAL
650 _aMECANIZAÇÃO
650 _aCOLHEITA MECÂNICA
650 _aSÃO PAULO
773 0 _tRevista Árvore (Brazil)
_xISSN 0100-6762
_g(Mar-Apr 2004), v. 28(2) p. 199-205
_wBR0501656
909 _a202311
_bLúcia
_c55
_dLúcia Elande
942 _2AGRIS
_n0
_cANA
999 _c181834
_d181834